Conflictos del conocimiento y dilemas de la educación /

Guardado en:
Autor Principal: Levinas, Marcelo Leonardo
Formato: Libro
Publicado: Buenos Aires : Aique
Series:Psicología Cognitiva y Educación / dirigida por Mario Carretero
Materias:
Etiquetas: Agregar Etiqueta
Sin Etiquetas, Sea el primero en etiquetar este registro!
LEADER 00849nam a22002175a 4500
001 CEM.cems011343
005 20071017183410.0
008 130507b######################000#0#####d
003 CEMS
020 |a 9507015124 
082 0 4 |a 371 
100 1 |a Levinas, Marcelo Leonardo 
245 1 0 |a Conflictos del conocimiento y dilemas de la educación /  |c Marcelo Leonardo Levinas 
260 |a Buenos Aires :  |b Aique 
300 |a 291 p. 
490 0 |a Psicología Cognitiva y Educación / dirigida por Mario Carretero 
505 0 |a Conocimiento e instrucción: reflejos, condicionamiento y diferencias -- El contenido de los conceptos -- Atención, resistencia y comprensión -- Conocimiento y aprendizaje 
653 |a Educación 
653 |a Psicología cognitiva 
653 |a Enseñanza didáctica 
859 |a CEMS  |b BIB. CEMS - 11 de abril  |h 371  |i L578  |p 22262.03  |t Ej.1